| 000 | 00000nam##2200000za#4500 |
| 001 | 9.695986 |
| 003 | CaOODSP |
| 005 | 20210624234828 |
| 007 | cr ||||||||||| |
| 008 | 150407|1999||||xxc|||||o f|0| 0 eng|d |
| 040 | |aCaOODSP|beng |
| 043 | |an-cn--- |
| 086 | 1 |aNE23-79/1999E-PDF |
| 110 | 1 |aCanada. |bNational Energy Board. |
| 245 | 10|aNatural gas resource assessment-- Northeast British Columbia : |h[electronic resource]|ba working document / |cby the National Energy Board. |
| 250 | |aRev. November 1999 |
| 260 | |aCalgary - Alberta : |bNational Energy Board |c1999, c2000. |
| 300 | |a27p.|bgraphs, map, references, tables |
| 500 | |a"January 1994 (revised November 1999)". The catalogue number (NE23-79/1999E) and ISBN (0-662-27999-9) for the print edition have been incorrectly copied in this electronic publication. |
| 590 | |a12-21-Supp|b2012-05-18 |
| 690 | 07|aAssessment|2gcpds |
| 690 | 07|aNatural gas|2gcpds |
| 775 | 08|tÉvaluation des ressources gazières du nord-est de la Colombie-Britannique : |w(CaOODSP)9.640103 |
| 776 | 0#|tNatural gas resource assessment, northeast British Columbia : |w(CaOODSP)9.647406 |
| 856 | 40|ahttp://publications.gc.ca|qPDF|s282 KB|uhttps://publications.gc.ca/collections/Collection/NE23-79-1999E.pdf |